000
00212 a2200097 4500
001
47540
100
_a
Gottlieb W
245
_a
Studies in secret diplomacy
260
_a
London
_b
Allen
_c
090
_c
30558
_d
30558
942
_a
NUST-CAE
_c
M
_c
22845
999
_c
282613
_d
282613